Cuentos de Matelandia.
Αποθηκεύτηκε σε:
| Κύριος συγγραφέας: | |
|---|---|
| Μορφή: | Βιβλίο |
| Έκδοση: |
Antofagasta, Chile:
Ediciones Universitarias de la Universidad Católica del Norte,
2018.
|
| Θέματα: | |
| Ετικέτες: |
Προσθήκη ετικέτας
Δεν υπάρχουν, Καταχωρήστε ετικέτα πρώτοι!
|
MARC
| LEADER | 00000nam a22000007a 4500 | ||
|---|---|---|---|
| 003 | CL-VaPUC | ||
| 005 | 20231025124033.0 | ||
| 008 | 231005t2018 ||||| |||| 00| 0 eng d | ||
| 999 | |c 442000 |d 441998 | ||
| 020 | |a 978-956-287-413-7 | ||
| 040 | |c Pontificia Universidad Católica de Valparaíso | ||
| 082 | 0 | 4 | |2 22 |a 372.7044 ARA 2018 |
| 100 | 1 | |a Arancibia Mandaleris, Ana |e autora |9 884940 | |
| 245 | 1 | 0 | |a Cuentos de Matelandia. |
| 260 | |a Antofagasta, Chile: |b Ediciones Universitarias de la Universidad Católica del Norte, |c 2018. | ||
| 300 | |a 83 páginas. | ||
| 500 | |a c.1 Donación Rectoria 2022. | ||
| 583 | |c 20231005 |k Catalogador Asistente | ||
| 650 | 1 | |a Matemáticas |x Literatura infantil |9 885006 | |
| 650 | 1 | |a Matemáticas |x Niños |9 885007 | |
| 650 | 1 | |a Métodos de enseñanza |x Matemáticas |9 885008 | |
| 942 | |2 ddc |c BK | ||
| 952 | |0 0 |1 0 |2 ddc |4 0 |6 372_704400000000000_ARA_2018 |7 0 |8 A |9 591872 |a BIBEDU |b BIBEDU |c GEN |d 2023-10-05 |e Donación |i 5658977 |l 1 |o 372.7044 ARA 2018 |p 5658977 |r 2024-03-26 |s 2024-03-18 |t 1 |w 2023-10-05 |y BK |k EPE | ||